[Event "45th Olympiad 2024"]
[Site "Budapest HUN"]
[Date "2024.09.18"]
[Round "7.38"]
[White "Lee, Junhyeok"]
[Black "Ziska, Helgi Dam"]
[Result "1-0"]
[WhiteElo "2364"]
[BlackElo "2553"]
[TimeControl "40/5400+30:1800+30\""]
[EventDate "2024.09.11"]
[Board "1"]
[WhiteFideId "13202340"]
[BlackFideId "7200595"]
[WhiteTeam "South Korea"]
[BlackTeam "Faroe Islands"]

1. d4 Nf6 2. c4 g6 3. Nc3 Bg7 4. e4 d6 5. Nf3 O-O 6. Bd3 e5 7. d5 a5 8. O-O
Na6 9. a3 Nc5 10. Bc2 Bd7 11. Re1 Qe8 12. Be3 Ng4 13. Bxc5 dxc5 14. d6 Qd8
15. h3 Nf6 16. Nxe5 Be6 17. dxc7 Qxc7 18. Nf3 Bxc4 19. e5 Rad8 20. Qc1 Nd5
21. Ne4 Ba6 22. Qg5 b6 23. Rad1 Qe7 24. Nd6 Qxg5 25. Nxg5 Nf4 26. Bb3 c4
27. Nxc4 h6 28. Nxf7 Kxf7 29. Nxa5+ Ke8 30. Nc6 Rc8 31. Rd6 Ne2+ 32. Kh1
Rxf2 33. Rxg6 Bf8 34. Rd1 Nf4 35. Rf6 Rxc6 36. Rxc6 Bb7 37. Bf7+ Kxf7 38.
Rc7+ Ke6 39. Rxb7 Rxb2 40. Rf1 Kxe5 41. Rf7 Ne2 42. R7f5+ Ke6 43. Rxf8 Ng3+
44. Kh2 Nxf1+ 45. Rxf1 Rb5 46. g4 Rb3 47. Rf5 Rxa3 48. Rh5 b5 49. Rxh6+ Kd5
50. Rb6 Kc4 51. g5 b4 52. g6 b3 53. h4 Ra8 54. Kg3 Ra1 55. h5 Kc3 56. h6
1-0

[Event "45th Olympiad 2024"]
[Site "Budapest HUN"]
[Date "2024.09.18"]
[Round "7.38"]
[White "Nielsen, Hogni Egilstoft"]
[Black "Ahn, Hongjin"]
[Result "1-0"]
[WhiteElo "2379"]
[BlackElo "2251"]
[TimeControl "40/5400+30:1800+30\""]
[EventDate "2024.09.11"]
[Board "2"]
[WhiteFideId "7200404"]
[BlackFideId "13201492"]
[WhiteTeam "Faroe Islands"]
[BlackTeam "South Korea"]

1. e4 c5 2. Nf3 Nc6 3. Bb5 e6 4. O-O Nge7 5. Re1 Nd4 6. Nxd4 cxd4 7. Be2 g5
8. d3 Ng6 9. Nd2 Bg7 10. a4 b6 11. Nc4 Ba6 12. Nd6+ Kf8 13. b3 Be5 14. Ba3
Kg7 15. g3 Qf6 16. Bh5 Bxd6 17. Bxd6 e5 18. Bb4 Rac8 19. Rc1 Rc6 20. c4
dxc3 21. Rxc3 Rhc8 22. Qd2 Nf8 23. d4 exd4 24. Rf3 Qh6 25. Rxf7+ Kg8 26.
Rf5 Ne6 27. Bf7+ Kh8 28. Bxe6 dxe6 29. Qxd4+ Kg8 30. Rf6 Qg7 31. Qe5 h6 32.
Kg2 g4 33. Bd2 Rf8 34. Rxf8+ Qxf8 35. Bf4 Qg7 36. Qh5 Rc2 37. Qe8+ Kh7 38.
Qxe6 Bc8 39. Qd5 Qd7 40. Qe5 Bb7 41. Rd1 Qf7 42. Rd8 Rc8 43. Qh8+ 1-0

[Event "45th Olympiad 2024"]
[Site "Budapest HUN"]
[Date "2024.09.18"]
[Round "7.38"]
[White "Yun, Hungi"]
[Black "Rodgaard, John"]
[Result "1/2-1/2"]
[WhiteElo "2124"]
[BlackElo "2273"]
[TimeControl "40/5400+30:1800+30\""]
[EventDate "2024.09.11"]
[Board "3"]
[WhiteFideId "13210670"]
[BlackFideId "7200013"]
[WhiteTeam "South Korea"]
[BlackTeam "Faroe Islands"]

1. e4 e6 2. d4 d5 3. e5 c5 4. c3 Nc6 5. Nf3 Bd7 6. Be2 Nge7 7. O-O Ng6 8.
Be3 Qb6 9. Qd2 cxd4 10. cxd4 f6 11. exf6 gxf6 12. Nc3 Kf7 13. Rfc1 Na5 14.
b3 Ba3 15. Rc2 Rac8 16. Ne1 Nc6 17. Na4 Qb4 18. Rc3 Qe7 19. Nc2 Bd6 20. g3
Nb8 21. Nc5 b6 22. Nxd7 Qxd7 23. a4 Rxc3 24. Qxc3 Rc8 25. Qb2 Nc6 26. Ba6
Rc7 27. Rc1 Nb4 28. Nxb4 Bxb4 29. Rxc7 Qxc7 30. Qe2 Qc3 31. Kg2 Qc7 32. h4
Nf8 33. Qh5+ Kg8 34. Bh6 Qc2 35. Qg4+ Qg6 36. Qf4 Bd6 37. Qxd6 Qxh6 38. Bc8
f5 39. Qe7 f4 40. gxf4 Qg6+ 41. Qg5 Kf7 42. f5 exf5 43. Bxf5 Qd6 44. Bg4
Ng6 45. h5 Ne7 46. Bf3 h6 47. Qg4 Qf6 48. Qd7 Qg7+ 49. Bg4 Qxd4 50. Qe6+
Ke8 51. Bf5 Qf4 52. Bg6+ Kd8 53. Bf7 d4 54. Qc4 Qg4+ 55. Kf1 Qd1+ 56. Kg2
Qg4+ 1/2-1/2

[Event "45th Olympiad 2024"]
[Site "Budapest HUN"]
[Date "2024.09.18"]
[Round "7.38"]
[White "Apol, Luitjen Akselsson"]
[Black "Lee, Kyungseok"]
[Result "1-0"]
[WhiteElo "2219"]
[BlackElo "2044"]
[TimeControl "40/5400+30:1800+30\""]
[EventDate "2024.09.11"]
[Board "4"]
[WhiteFideId "7202466"]
[BlackFideId "13202154"]
[WhiteTeam "Faroe Islands"]
[BlackTeam "South Korea"]

1. d4 d5 2. c4 e6 3. Nf3 Nf6 4. Nc3 Nbd7 5. Bf4 c6 6. e3 Be7 7. h3 O-O 8.
Qc2 Qa5 9. a3 dxc4 10. Bxc4 b5 11. Ba2 b4 12. axb4 Qxb4 13. O-O Bb7 14. e4
c5 15. e5 Nh5 16. Bd2 Bxf3 17. Nd5 Qb7 18. Nxe7+ Kh8 19. gxf3 Rfe8 20. Bb1
f5 21. Nxf5 exf5 22. Qxf5 g6 23. Be4 Qxb2 24. Qxd7 Rad8 25. Qg4 Qxd2 26.
Rxa7 Qxd4 27. Rxh7+ 1-0

[Event "45th Olympiad 2024"]
[Site "Budapest HUN"]
[Date "2024.09.18"]
[Round "7.39"]
[White "Rakotomaharo, Fy Antenaina"]
[Black "Ashiku, Franc"]
[Result "0-1"]
[WhiteElo "2440"]
[BlackElo "2400"]
[TimeControl "40/5400+30:1800+30\""]
[EventDate "2024.09.11"]
[Board "1"]
[WhiteFideId "13100050"]
[BlackFideId "4700066"]
[WhiteTeam "Madagascar"]
[BlackTeam "Albania"]

1. e4 c5 2. Nf3 e6 3. d4 cxd4 4. Nxd4 Nc6 5. Nc3 Nf6 6. Nxc6 bxc6 7. e5 Nd5
8. Ne4 Bb7 9. Nd6+ Bxd6 10. exd6 c5 11. c4 Nb4 12. a3 Nc6 13. Be3 Qf6 14.
Qd2 Rb8 15. Bxc5 Ba6 16. O-O-O Na5 17. Bd4 Nb3+ 18. Kc2 Qf5+ 19. Bd3 Nxd4+
20. Kb1 Qf6 21. Rhe1 Nb3 22. Qc2 Nc5 23. b4 Nxd3 24. Rxd3 O-O 25. Re4 Bb7
26. Rg4 a5 27. Rdg3 g6 28. b5 Rfc8 29. Qd2 Bd5 30. cxd5 Rxb5+ 31. Ka2 Rcb8
32. Rc3 Qf5 0-1

[Event "45th Olympiad 2024"]
[Site "Budapest HUN"]
[Date "2024.09.18"]
[Round "7.39"]
[White "Pasko, Llambi"]
[Black "Razanadrakotoarisoa, Toavina"]
[Result "1-0"]
[WhiteElo "2396"]
[BlackElo "2147"]
[TimeControl "40/5400+30:1800+30\""]
[EventDate "2024.09.11"]
[Board "2"]
[WhiteFideId "4701178"]
[BlackFideId "13101439"]
[WhiteTeam "Albania"]
[BlackTeam "Madagascar"]

1. d4 Nf6 2. c4 g6 3. Nc3 Bg7 4. e4 d6 5. Nf3 O-O 6. Be2 e5 7. d5 a5 8. O-O
Na6 9. Qc2 Nd7 10. Ne1 f5 11. exf5 gxf5 12. f4 e4 13. Be3 Nf6 14. Qd2 Bd7
15. Nc2 Qe8 16. Nd4 h5 17. h3 Kh7 18. Qe1 Qg6 19. Kh2 Rg8 20. Rg1 Bh6 21.
Rd1 Rae8 22. Ncb5 Re7 23. g3 Reg7 24. Qf2 Bc8 25. b3 Nc5 26. a3 Nd3 27. Qf1
h4 28. gxh4 Bxf4+ 29. Bxf4 Qxg1+ 30. Qxg1 Rxg1 31. Rxg1 Rxg1 32. Bxd3 Ra1
33. Be2 c5 34. dxc6 bxc6 35. Nc3 Rxa3 36. Bxd6 Ra1 37. Bf4 e3 38. Bxe3 Ne4
39. Nxe4 fxe4 40. Nxc6 Ra2 41. Nd4 a4 42. bxa4 Ba6 43. Kg3 Rxa4 44. Nb5 Ra2
45. Bf1 Kg6 46. Nd6 Ra3 47. Kf4 Kh5 48. Nf5 Ra2 49. Ng3+ Kxh4 50. Bd4 1-0

[Event "45th Olympiad 2024"]
[Site "Budapest HUN"]
[Date "2024.09.18"]
[Round "7.39"]
[White "Andrianiaina, Heritiana"]
[Black "Veleshnja, Zino"]
[Result "1/2-1/2"]
[WhiteElo "2149"]
[BlackElo "2294"]
[TimeControl "40/5400+30:1800+30\""]
[EventDate "2024.09.11"]
[Board "3"]
[WhiteFideId "13101048"]
[BlackFideId "4701313"]
[WhiteTeam "Madagascar"]
[BlackTeam "Albania"]

1. d4 Nf6 2. c4 e6 3. Nf3 Bb4+ 4. Bd2 a5 5. a3 Bxd2+ 6. Qxd2 O-O 7. Nc3 d5
8. e3 Nc6 9. Bd3 a4 10. Qc2 Bd7 11. cxd5 exd5 12. O-O h6 13. h3 Re8 14. Bb5
Ne4 15. Bxa4 Bf5 16. Bxc6 bxc6 17. Nxe4 Bxe4 18. Qe2 Rb8 19. Rac1 Re6 20.
Ne5 Qe8 21. b4 f6 22. Nd3 Bf5 23. Nf4 Rd6 24. Rc3 g5 25. Qh5 Qe7 26. Rfc1
Kg7 27. Nd3 Rg8 28. Nc5 Bc8 29. Qf3 g4 30. hxg4 Kh7 31. e4 Bxg4 32. Qf4 f5
33. exf5 Rf6 34. Re3 Qf7 35. Qe5 Rxf5 36. Qe7 Rxf2 37. Qxf7+ Rxf7 38. Rf1
Rfg7 39. Rfe1 Ra8 40. Kh2 Bf5 41. Rf1 Be4 42. Nxe4 dxe4 43. Rf4 Re7 44.
Rfxe4 Rxe4 45. Rxe4 Rxa3 46. Re7+ Kg8 47. Rxc7 Rb3 48. Rxc6 Rxb4 49. Rd6
Kf7 50. Kh3 Ke7 51. Rd5 Ke6 52. Re5+ Kd6 53. g4 Rxd4 54. Re8 Kd7 55. Re1
Rd5 56. Kh4 Ra5 57. Re4 Rb5 58. Re3 Ra5 59. Re4 Rb5 60. Kg3 h5 61. gxh5
Rxh5 1/2-1/2

[Event "45th Olympiad 2024"]
[Site "Budapest HUN"]
[Date "2024.09.18"]
[Round "7.39"]
[White "Xhembulla, Aleksander"]
[Black "Rakotomaharavo, Dylan"]
[Result "1/2-1/2"]
[WhiteElo "2169"]
[BlackElo "2078"]
[TimeControl "40/5400+30:1800+30\""]
[EventDate "2024.09.11"]
[Board "4"]
[WhiteFideId "4705114"]
[BlackFideId "13102761"]
[WhiteTeam "Albania"]
[BlackTeam "Madagascar"]

1. e4 c5 2. Nf3 Nc6 3. d4 cxd4 4. Nxd4 Nf6 5. Nc3 e6 6. Be2 Bb4 7. O-O O-O
8. Nxc6 bxc6 9. e5 Nd5 10. Ne4 f5 11. a3 Be7 12. Nd6 Bxd6 13. exd6 a5 14.
c4 Nf6 15. Qd4 a4 16. Re1 Ne4 17. f3 Qa5 18. Be3 e5 19. Qd1 Nc5 20. Qc2 Nb3
21. Rad1 Ba6 22. Bd3 g6 23. Qf2 Rab8 24. Bh6 Rf6 25. Bf1 Re6 26. Kh1 Qd8
27. h4 Qb6 28. Qg3 Rbe8 29. Bg5 f4 30. Qg4 h5 31. Qh3 Nc5 32. g4 hxg4 33.
Qxg4 Qxb2 34. Be7 Kf7 35. Bh3 Qc3 36. h5 Rh8 37. hxg6+ Kg7 38. Rg1 e4 39.
Rdf1 Qe5 40. fxe4 Qxe4+ 41. Kh2 Qe2+ 42. Rg2 Qxg4 43. Rxg4 Re2+ 44. Kg1
Rxh3 45. Rfxf4 Bxc4 46. Rxc4 Rxa3 47. Rc1 Re4 48. Rg2 Ne6 49. Rf1 Nf4 50.
Bf6+ Kg8 51. Rb1 Rb3 52. Rxb3 axb3 53. Rb2 Re3 54. g7 Rg3+ 55. Kh2 Rh3+ 56.
Kg1 c5 57. Rf2 Ne6 58. Rf5 Rh6 59. Bb2 Rg6+ 60. Kf2 c4 61. Re5 Rg5 62. Re4
Rc5 63. Bc3 Rc8 64. Ke3 Rb8 65. Rh4 Nxg7 66. Rg4 b2 67. Rxg7+ Kf8 68. Bxb2
Rxb2 69. Rxd7 Ke8 70. Rc7 Rb3+ 71. Kd4 Rd3+ 72. Kxc4 Rxd6 1/2-1/2

[Event "45th Olympiad 2024"]
[Site "Budapest HUN"]
[Date "2024.09.18"]
[Round "7.40"]
[White "Greet, Andrew N"]
[Black "Bai, Adelard"]
[Result "0-1"]
[WhiteElo "2405"]
[BlackElo "2378"]
[TimeControl "40/5400+30:1800+30\""]
[EventDate "2024.09.11"]
[Board "1"]
[WhiteFideId "405817"]
[BlackFideId "16301188"]
[WhiteTeam "Scotland"]
[BlackTeam "Chinese Taipei"]

1. c4 e5 2. Nc3 d6 3. Nf3 f5 4. g3 Be7 5. Bg2 Nf6 6. O-O O-O 7. b4 Qe8 8.
d3 h6 9. a4 a6 10. Rb1 Qh5 11. e3 f4 12. exf4 exf4 13. Bxf4 Bg4 14. Qe1
Bxf3 15. Qxe7 Bxg2 16. Kxg2 Nc6 17. Qxc7 Rf7 18. Qxd6 Rd8 19. Qc5 g5 20.
Be3 Rxd3 21. Nd5 Nxd5 22. cxd5 Ne5 23. Qc8+ Kh7 24. Qe6 Qf3+ 25. Kg1 Qe4
26. Rfe1 Rxe3 27. Rxe3 Qxb1+ 28. Kg2 Qc2 29. Qxe5 Rxf2+ 30. Kh3 Rxh2+ 31.
Kg4 h5+ 32. Kxg5 Qg6+ 0-1

[Event "45th Olympiad 2024"]
[Site "Budapest HUN"]
[Date "2024.09.18"]
[Round "7.40"]
[White "Song, Raymond"]
[Black "Waldhausen Gordon, Frederick"]
[Result "0-1"]
[WhiteElo "2503"]
[BlackElo "2351"]
[TimeControl "40/5400+30:1800+30\""]
[EventDate "2024.09.11"]
[Board "2"]
[WhiteFideId "3203824"]
[BlackFideId "2409143"]
[WhiteTeam "Chinese Taipei"]
[BlackTeam "Scotland"]

1. c4 Nf6 2. Nf3 e6 3. g3 d5 4. Bg2 dxc4 5. Qa4+ Nbd7 6. Qxc4 a6 7. Qc2 c5
8. Nc3 Ra7 9. d4 b6 10. e4 cxd4 11. Nxd4 Ne5 12. Nf3 Nd3+ 13. Ke2 Nb4 14.
Qd1 Rd7 15. Qa4 Qc7 16. Kf1 Nxe4 17. Nxe4 Qc4+ 18. Kg1 Qxe4 19. Be3 b5 20.
Qa5 Nd5 21. Nd4 Qe5 22. Nc6 Qd6 23. Rc1 Bb7 24. Bd4 Bxc6 25. Qxa6 Nb4 26.
Qc8+ Rd8 0-1

[Event "45th Olympiad 2024"]
[Site "Budapest HUN"]
[Date "2024.09.18"]
[Round "7.40"]
[White "Abdulla, Murad"]
[Black "Yang, ching Wei, Austin"]
[Result "1-0"]
[WhiteElo "2312"]
[BlackElo "2121"]
[TimeControl "40/5400+30:1800+30\""]
[EventDate "2024.09.11"]
[Board "3"]
[WhiteFideId "2403757"]
[BlackFideId "16300440"]
[WhiteTeam "Scotland"]
[BlackTeam "Chinese Taipei"]

1. Nf3 d5 2. g3 g6 3. Bg2 Bg7 4. O-O e5 5. d3 Nc6 6. Nbd2 Nge7 7. c4 O-O 8.
cxd5 Nxd5 9. a3 h6 10. Qc2 Nde7 11. Rb1 Nf5 12. e3 a5 13. Ne4 Nd6 14. Nc3
Bf5 15. b4 axb4 16. axb4 Nb5 17. Ne4 Na3 18. Bxa3 Rxa3 19. b5 Na5 20. Rfd1
b6 21. Rbc1 Nb3 22. Rb1 Be6 23. Qb2 Ra5 24. Nxe5 Rxb5 25. d4 Bxe5 26. dxe5
Qe7 27. Qc3 Rd8 28. Bf3 Kg7 29. Rxd8 Qxd8 30. Be2 Qd5 31. Bxb5 Qxe4 32. Qd3
Qf3 33. e4 Qxd3 34. Bxd3 Nd2 35. Rc1 Nf3+ 36. Kg2 Nxe5 37. Bb5 c5 38. f4
Ng4 39. h3 Nf6 40. Bc6 Bb3 41. g4 Kf8 42. Kf3 Ke7 43. Ke3 g5 44. Bb5 gxf4+
45. Kxf4 Ke6 46. Ra1 Bc2 47. Bc4+ Ke7 48. Ra7+ 1-0

[Event "45th Olympiad 2024"]
[Site "Budapest HUN"]
[Date "2024.09.18"]
[Round "7.40"]
[White "Wang, Ting-Hao"]
[Black "Gourlay, Iain"]
[Result "1/2-1/2"]
[WhiteElo "1842"]
[BlackElo "2296"]
[TimeControl "40/5400+30:1800+30\""]
[EventDate "2024.09.11"]
[Board "4"]
[WhiteFideId "16300602"]
[BlackFideId "2401533"]
[WhiteTeam "Chinese Taipei"]
[BlackTeam "Scotland"]

1. e4 c5 2. Nf3 Nc6 3. Bb5 Nf6 4. Bxc6 dxc6 5. d3 g6 6. h3 Bg7 7. Nc3 O-O
8. O-O b6 9. Be3 e5 10. Qd2 Ne8 11. Bh6 f6 12. Bxg7 Nxg7 13. Qh6 Ne6 14.
Ne2 Rf7 15. Nh2 Rg7 16. Ng4 Ng5 17. Kh1 Nf7 18. Qe3 h5 19. Nh6+ Nxh6 20.
Qxh6 Qe8 21. Qe3 g5 22. a4 a5 23. c3 Ba6 24. Rfd1 Rd7 25. Rd2 Rad8 26. Rad1
h4 27. f3 Qe6 28. Nc1 Rd6 29. Kg1 Qd7 30. Kf2 Kg7 31. Ke1 Qc7 32. Ne2 R8d7
33. d4 Bxe2 34. Kxe2 exd4 35. cxd4 cxd4 1/2-1/2

[Event "45th Olympiad 2024"]
[Site "Budapest HUN"]
[Date "2024.09.18"]
[Round "7.41"]
[White "Eltigani, Omar"]
[Black "Tran, Thanh Tu"]
[Result "0-1"]
[WhiteElo "2241"]
[BlackElo "2387"]
[TimeControl "40/5400+30:1800+30\""]
[EventDate "2024.09.11"]
[Board "1"]
[WhiteFideId "738794"]
[BlackFideId "12401404"]
[WhiteTeam "Sudan"]
[BlackTeam "Japan"]

1. d4 Nf6 2. Nc3 d5 3. Bf4 c5 4. e3 cxd4 5. exd4 a6 6. Nf3 Nc6 7. Be2 Bg4
8. h3 Bxf3 9. Bxf3 e6 10. Ne2 Bd6 11. Bg5 h6 12. Bh4 g5 13. Bg3 Bxg3 14.
Nxg3 Qb6 15. c3 Qxb2 16. Rc1 Qxa2 17. O-O Rc8 18. Qd3 Qa3 19. Nf5 Ne7 20.
Ng7+ Kf8 21. Nh5 Nxh5 22. Bxh5 Qd6 23. f4 gxf4 24. Rce1 Nf5 25. Re5 Ng7 26.
Bg4 h5 27. Bd1 Qc7 28. Qd2 Qxc3 29. Qxf4 Nf5 30. Rxf5 exf5 31. Qd6+ Kg8 32.
Qxd5 Qe3+ 33. Kh1 Qe4 34. Qd7 Kg7 35. Rxf5 Qe6 36. Rg5+ Kf6 0-1

[Event "45th Olympiad 2024"]
[Site "Budapest HUN"]
[Date "2024.09.18"]
[Round "7.41"]
[White "Nanjo, Ryosuke"]
[Black "Ahmed, Hassan"]
[Result "1-0"]
[WhiteElo "2372"]
[BlackElo "2234"]
[TimeControl "40/5400+30:1800+30\""]
[EventDate "2024.09.11"]
[Board "2"]
[WhiteFideId "7000634"]
[BlackFideId "12200590"]
[WhiteTeam "Japan"]
[BlackTeam "Sudan"]

1. e4 c5 2. Nf3 e6 3. Nc3 Nc6 4. d4 cxd4 5. Nxd4 Nf6 6. Ndb5 Bb4 7. a3
Bxc3+ 8. Nxc3 d5 9. exd5 exd5 10. Bd3 O-O 11. O-O Bg4 12. Ne2 Re8 13. Re1
Qb6 14. Rb1 Rad8 15. Bg5 Ne5 16. Qd2 Nxd3 17. Qxd3 Bxe2 18. Rxe2 Rxe2 19.
Qxe2 h6 20. Bxf6 Qxf6 21. Qb5 Qc6 22. Qxc6 bxc6 23. Re1 Rb8 24. b3 Kf8 25.
Kf1 Rb7 26. Re3 Re7 27. Ke2 Re6 28. Kd3 Ke7 29. c4 Kd6 30. cxd5 Rxe3+ 31.
fxe3 Kxd5 32. e4+ Ke5 33. b4 f6 34. Ke3 h5 35. g3 g6 36. h3 f5 37. exf5
Kxf5 38. Kf3 Kg5 39. Ke4 h4 40. g4 Kf6 41. Kf4 g5+ 42. Ke4 Ke6 43. a4 Kf6
44. Kd4 Ke6 45. Kc5 Kd7 46. b5 cxb5 47. Kxb5 Kc7 48. Kc5 Kb7 49. Kd5 Kb6
50. Ke5 Ka5 51. Kf5 Kxa4 52. Kxg5 Kb4 53. Kf4 a5 54. Ke3 Kc5 55. Kd3 Kd5
56. Kc3 Ke5 57. Kb3 Kf4 58. Ka4 Kg3 59. g5 Kxh3 60. g6 Kh2 61. g7 h3 62.
g8=Q Kh1 63. Qg3 h2 64. Kb5 a4 65. Qf2 1-0

[Event "45th Olympiad 2024"]
[Site "Budapest HUN"]
[Date "2024.09.18"]
[Round "7.41"]
[White "Nader, Obeid"]
[Black "Aoshima, Mirai"]
[Result "0-1"]
[WhiteElo "2083"]
[BlackElo "2385"]
[TimeControl "40/5400+30:1800+30\""]
[EventDate "2024.09.11"]
[Board "3"]
[WhiteFideId "12200085"]
[BlackFideId "7002386"]
[WhiteTeam "Sudan"]
[BlackTeam "Japan"]

1. d4 Nf6 2. Bf4 e6 3. e3 c5 4. Nd2 Nc6 5. Ngf3 d5 6. c3 cxd4 7. cxd4 Nh5
8. Bg5 Qb6 9. Bd3 h6 10. Bh4 g5 11. Ne5 Nxe5 12. dxe5 Ng7 13. Bg3 Bd7 14.
O-O Bb5 15. Bxb5+ Qxb5 16. Rc1 Be7 17. Nb3 h5 18. Nd4 Qxb2 19. Qa4+ Kf8 20.
f4 h4 21. Rc2 Qa3 22. Qxa3 Bxa3 23. Be1 g4 24. Rc7 Nf5 25. Nxf5 exf5 26.
Bc3 Rh6 27. Rxb7 Rc8 28. Bd4 Rhc6 29. Rxa7 Bc5 30. Ra5 Bxd4 31. exd4 Rc2
32. Rf2 g3 33. hxg3 hxg3 34. Rf1 R8c3 35. Rf3 Rd3 36. Rc5 0-1

[Event "45th Olympiad 2024"]
[Site "Budapest HUN"]
[Date "2024.09.18"]
[Round "7.41"]
[White "Yamada, Kohei"]
[Black "Eltag, Siddig"]
[Result "1-0"]
[WhiteElo "2178"]
[BlackElo "2138"]
[TimeControl "40/5400+30:1800+30\""]
[EventDate "2024.09.11"]
[Board "4"]
[WhiteFideId "7000936"]
[BlackFideId "12200204"]
[WhiteTeam "Japan"]
[BlackTeam "Sudan"]

1. e4 e5 2. Nf3 Nf6 3. d4 Nxe4 4. Bd3 d5 5. Nxe5 Nd7 6. Nc3 Bb4 7. O-O Nxe5
8. dxe5 Nxc3 9. bxc3 Be7 10. Rb1 b6 11. Bb5+ Kf8 12. Bc6 Ba6 13. Re1 Rc8
14. Bxd5 c6 15. Bb3 Qxd1 16. Rxd1 h6 17. Be3 Rd8 18. Ba4 Bb7 19. c4 g5 20.
Rxd8+ Bxd8 21. c5 b5 22. Bb3 Bc7 23. Bd4 Ke7 24. e6 f6 25. g3 Rd8 26. c3 a5
27. Re1 a4 28. Bc2 Ba5 29. Re3 Bc7 30. Rf3 Rf8 31. Bf5 Be5 32. Rd3 Rd8 33.
Bxe5 fxe5 34. Rd7+ Rxd7 35. exd7 a3 36. Kg2 b4 37. cxb4 Ba6 38. Be6 g4 39.
h3 h5 40. hxg4 hxg4 41. f3 gxf3+ 42. Kxf3 Bd3 43. g4 Bg6 44. Ke3 Bb1 45.
Kd2 Kd8 46. Kc3 Ke7 47. g5 Bg6 48. b5 cxb5 49. c6 Kd8 50. Kb4 1-0

[Event "45th Olympiad 2024"]
[Site "Budapest HUN"]
[Date "2024.09.18"]
[Round "7.42"]
[White "Zhakshylykov, Erzhan"]
[Black "Ahmad, Al Khatib"]
[Result "1-0"]
[WhiteElo "2327"]
[BlackElo "2302"]
[TimeControl "40/5400+30:1800+30\""]
[EventDate "2024.09.11"]
[Board "1"]
[WhiteFideId "13804111"]
[BlackFideId "8103178"]
[WhiteTeam "Kyrgyzstan"]
[BlackTeam "Jordan"]

1. d4 Nf6 2. c4 e6 3. Nc3 Bb4 4. Nf3 Bxc3+ 5. bxc3 d6 6. Qc2 Qe7 7. e4 e5
8. Bd3 Bg4 9. Nd2 Nc6 10. f3 Bd7 11. Nb3 Nh5 12. Be3 O-O 13. Qd2 f5 14. d5
f4 15. Bf2 Nd8 16. c5 Nf7 17. c4 b6 18. cxd6 cxd6 19. a4 g5 20. g4 fxg3 21.
hxg3 Nf6 22. g4 Kg7 23. Be3 Kg6 24. a5 h5 25. gxh5+ Nxh5 26. Rg1 Rg8 27.
Kd1 Qf6 28. Kc2 Nf4 29. Bxf4 Qxf4 30. Qxf4 exf4 31. e5+ Bf5 32. Bxf5+ Kxf5
33. e6 Ne5 34. Nd4+ Kf6 35. Kb3 Rab8 36. a6 Rbc8 37. Ra4 Rh8 38. Nb5 Nxf3
39. Rc1 Ke5 40. Nxa7 Nd4+ 41. Kb4 Rc5 42. Ra2 f3 43. Re1+ Kf4 44. Kc3 Nf5
45. e7 g4 46. Nc6 g3 47. a7 f2 48. Rf1 Ne3 49. a8=Q Rxa8 50. Rxa8 Nxd5+ 51.
Kd3 Nxe7 52. Nxe7 Kf3 53. Nd5 Ra5 54. Rf8+ Kg4 55. Ne3+ Kh4 56. Rf3 1-0

[Event "45th Olympiad 2024"]
[Site "Budapest HUN"]
[Date "2024.09.18"]
[Round "7.42"]
[White "Loay, Sameer"]
[Black "Orozbaev, Eldiyar"]
[Result "0-1"]
[WhiteElo "2194"]
[BlackElo "2376"]
[TimeControl "40/5400+30:1800+30\""]
[EventDate "2024.09.11"]
[Board "2"]
[WhiteFideId "8104239"]
[BlackFideId "13802240"]
[WhiteTeam "Jordan"]
[BlackTeam "Kyrgyzstan"]

1. e4 c5 2. Be2 Nc6 3. f4 e6 4. Nf3 d5 5. d3 Nf6 6. e5 Nd7 7. c3 b5 8. d4
b4 9. O-O Qb6 10. Be3 a5 11. Nbd2 Ba6 12. Bxa6 Qxa6 13. f5 Qd3 14. Qe1 exf5
15. e6 fxe6 16. Bf4 Nd8 17. Ng5 Qa6 18. Bc7 h6 19. Qh4 hxg5 20. Qxh8 Nf7
21. Qh5 cxd4 22. cxd4 Rc8 23. Bg3 f4 24. Bf2 Qd3 25. Rae1 Rc6 26. Qf3 Qxf3
27. Nxf3 Nf6 28. Rc1 Rxc1 29. Rxc1 Kd7 30. Ne5+ Nxe5 31. dxe5 Ne4 32. Bd4
g4 33. h3 g3 34. Kf1 b3 35. axb3 Nd2+ 36. Ke2 Nxb3 37. Rd1 g5 38. Bc3 Kc6
39. Kd3 Bc5 40. Rf1 Be3 41. Be1 a4 42. Bb4 Nc1+ 43. Kc2 d4 44. Be7 d3+ 45.
Kd1 Ne2 46. Bxg5 a3 0-1

[Event "45th Olympiad 2024"]
[Site "Budapest HUN"]
[Date "2024.09.18"]
[Round "7.42"]
[White "Abdyzhapar, Asylbek"]
[Black "Saif, Malek"]
[Result "1-0"]
[WhiteElo "2357"]
[BlackElo "2162"]
[TimeControl "40/5400+30:1800+30\""]
[EventDate "2024.09.11"]
[Board "3"]
[WhiteFideId "13800337"]
[BlackFideId "8104220"]
[WhiteTeam "Kyrgyzstan"]
[BlackTeam "Jordan"]

1. d4 Nf6 2. c4 d6 3. Nf3 g6 4. Nc3 Bg7 5. e4 O-O 6. Be2 e5 7. Be3 exd4 8.
Nxd4 Re8 9. f3 c6 10. Bf2 d5 11. exd5 cxd5 12. O-O Nc6 13. c5 Nxd4 14. Bxd4
Be6 15. Qd2 Nh5 16. Bb5 Rf8 17. Rfd1 Bxd4+ 18. Qxd4 Qg5 19. Bf1 Rfd8 20.
Nb5 a5 21. Rac1 Ng7 22. Re1 Rd7 23. a3 a4 24. Qb4 Nf5 25. Nd4 Nxd4 26. Qxd4
Rc7 27. Rc3 Qd8 28. h4 Ra5 29. Bd3 Qf8 30. Rec1 Qg7 31. Qf4 Rc8 32. Qb4
Rca8 33. R3c2 Qf6 34. Re2 R5a7 35. Bb5 Qd8 36. Qd4 Ra5 37. Bd3 Rc8 38. Rec2
Rca8 39. Re1 Qf8 40. h5 Qg7 41. Re5 Rc8 42. f4 Qf6 43. h6 Rd8 44. g4 Raa8
45. g5 Qe7 46. Re3 Qf8 47. Bxg6 Re8 48. Bd3 f5 49. Bb5 Re7 50. Rce2 Ra5 51.
Rxe6 Rxe6 52. Rxe6 Rxb5 53. Re8 Qxe8 54. Qg7# 1-0